| 000 | 01494cam a2200385 a 4500 | ||
|---|---|---|---|
| 001 | 14026298 | ||
| 003 | OSt | ||
| 005 | 20140311161018.0 | ||
| 008 | 050706s2004 enka b 001 0 eng d | ||
| 010 | _a 2005298222 | ||
| 020 | _a9789814296281 | ||
| 020 | _a0521549477 (pbk.) | ||
| 035 | _a(OCoLC)ocm58564704 | ||
| 040 |
_aGSU _cGSU _dDLC |
||
| 042 | _alccopycat | ||
| 050 | 0 | 0 |
_aP 53 _b.N972 2009 |
| 100 | 1 | _aNunan, David. | |
| 245 | 1 | 0 |
_aTask-based language teaching / _cDavid Nunan. |
| 260 |
_aCambridge, UK ; _aNew York, NY, USA : _bCengage Learning _c2009. |
||
| 300 |
_a222 p. : _bill. ; _c24 cm. |
||
| 440 | 0 | _aCambridge language teaching library | |
| 500 | _a"A comprehensively revised edition of Designing tasks for the communicative classroom"--Cover. | ||
| 504 | _aIncludes bibliographical references and indexes. | ||
| 521 | _aEDU | ||
| 650 | 0 |
_aLanguage and languages _xStudy and teaching. |
|
| 650 | 0 | _aTask analysis in education. | |
| 650 | 0 | _aCommunicative competence. | |
| 700 | 1 |
_aNunan, David. _tDesigning tasks for the communicative classroom. |
|
| 856 | 4 | 2 |
_3Publisher description _uhttp://www.loc.gov/catdir/enhancements/fy0632/2005298222-d.html |
| 906 |
_a7 _bcbc _ccopycat _d2 _encip _f20 _gy-gencatlg |
||
| 942 |
_2lcc _cBK _kFOR |
||
| 999 |
_c15441 _d15441 |
||